000 00744nam a2200253Ia 4500
003 OSt
005 20220918222322.0
006 a|||||r|||| 00| 0
007 ta
008 220917b |||||||| |||| 00| 0 eng d
024 _a216,392
037 _cTextual
040 _aARTS
_cARTS
_beng
041 _2eng
_aeng
082 _aR625-41, N6
100 _aPanse Ujjwala
_9142766
245 0 _aSome issues in Nyaya, Mimamsa and Dharmasastra
260 _aDelhi
_bSri Satguru Publications India
_c1996
300 _axxiv,120p.
_ccm.
490 _aSri Garib Das oriental series no.; 197
650 _aNYAYA PHILOSOPHY; BHATT MIMAMSA
_9142767
942 _hR625-41, N6
_cTEXL
_2CC
999 _c275133
_d275133